Avatar: The Last Airbender Trivia Quiz #5 - Statistics

General Stats
  • This quiz has been taken 199 times
  • The average score is 11 of 20
Answer Stats
Hint Answer % Correct
Bender who is also proficient with broad swords Zuko
92%
Who did Katara hallucinate seeing in the swamp? her mother
89%
How many stomachs does Appa have? 5
88%
Roku dies fighting what? A volcano
77%
Zuko is so ___ at being ____ bad, good
73%
Who burns Zhao’s fleet of ships on the river by Jeong Jeong’s camp? Zhao
71%
Before healing Aang, what was Katara going to try to heal with her water from the Spirit Oasis? Zuko's scar
69%
What is the name of the baby born on the Serpent’s Pass? Hope
65%
What does Zuko pick up in a sun warrior temple that sets off a booby trap? a golden egg
63%
What move/technique did Iroh create? redirecting lightning
55%
Wan Shi Tong is the spirit who "knows _____ things" 10,000
53%
Who was Kyoshi's nemesis? Chin the Conqueror
46%
Island where Roku's temple is located Crescent Island
45%
The town that celebrates Avatar Day starts the tradition of making what treat to honor Aang? unfried dough
36%
Sokka describes his ponytail as a “warrior's ____ ____" wolf tail
34%
What department was Professor Zei the head of? Anthropology
27%
Finish the lyric: "Leaves from the vine falling so slow..." "... like fragile, tiny shells drifting in the foam"
27%
What type of flower does Aang climb a volcano to get? a panda lily
25%
What does Zuko’s dagger that he got from Iroh have engraved on it? "never give up without a fight"
24%
What does Ty Lee tell Azula about her aura while working in the circus? "my aura has never been pinker!"
15%
No matching quizzes found
Score Distribution
Percent of People with Each Score
Percentile by Number Answered
Your Score History
You have not taken this quiz